1938 1793 1293 1392 1776 1835 1153 1653 1050 1080 1153 1584 1384 1818 1027 1232 1563 1449 1563 1904 1987 1092 1004 1787 1809 1196 1874 1335 1557 1870 1736 1549 1127 1155 1840 1028 1796 1967 1868 1856 1620 1639 1833 1752 1127 1974 1724 1161 1521 1541 1374 1186 1691 1972 1907 1235 1879 1020 1848 1101 1394 1838 1597 1968 1315 1478 1077 1860 1818 1327 1658 1250 1435 1248 1043 1258 1425 1555 1093 1139 1030 1097 1282 1876 1790 1824 1764 1984 1345 1482 1582 1827 1836 1028 1904 1337 1786 1041 1393 BCNSPRNW ULIB Ver.6.0+V

เปลี่ยนเป็นภาษาไทย

Change to English
 แสดงรายละเอียดบรรณานุกรม
  กลับหน้าหลัก

Brief Record : Get Marc (ISO 2709) : E-mail record : QR code < ปิดหน้าต่าง
LEADER : 00000nam 2200000uu 4500
001    13399128318
003     ULIB
008    230607s2564||||th 000 0 tha d
020    ^a9786164262126
060 04 ^aWS285^bก978ร
100 0  ^aไกลตา ศรีสิงห์
245 10 ^aโรคติดเชื้อระบบทางเดินหายใจในเด็ก =^bRespiratory tractinfection in children /^cไกลตา ศรีสิงห์, ศรัญญา ศรีจันท์ทองศิริ
246 31 ^aRespiratory tract infection in children
250    ^aพิมพ์ครั้งที่ 1
260    ^aพิษณุโลก :^bสำนักพิมพ์มหาวิทยาลัยนเรศวร,^c2564
300    ^a406 หน้า :^bภาพประกอบ ;^c21 ซม.
504    ^aมีบรรณานุกรมและดัชนี
505 0  ^aความรู้พื้นฐานระบบทางเดินหายใจ --พัฒนาการและกายวิภาคของระบบทางเดินหายใจ --ระบบไหลเวียนเลือดของทารกในและนอกครรภ์ --สรีรวิทยาของระบบทางเดินหายใจ -- การควบคุมการหายใจ --โรคติดเชื้อทางเดินหายใจส่วนบน -- โรคหวัด -- โรคคออักเสบ --โรคไซนัสอักเสบเฉียบพลัน -- โรคหูชั้นกลางอักเสบเฉียบพลัน -- ฝีหลังคอหอย-- โรคติดเชื้อทางเดินหายใจส่วนล่าง -- โรคไวรัสครูพ --โรคฝาปิดกล่องเสียงอักเสบ -- โรคหลอดลมคออักเสบจากเชื้อแบคทีเรีย --โรคหลอดลมอักเสบ -- โรคหลอดลมฝอยอักเสบเฉียบพลัน -- โรคปอดบวม --โรคเสียงวี้ดเฉียบพลันที่เกิดร่มกับการติดเชื้อไวรัสของทางเดินหายใจ --โรคปอดบวมในผู้ป่วยภูมิคุ้มกันบกพร่อง -- วัณโรคในเด็ก --การรักษาวัณโรคดื้อยาในเด็ก --โรคปอดบวมที่สัมพันธ์กับการใส่เครื่องช่วยหายใจ -- โรคพยาธิใบไม้ปอด
650  4 ^aทางเดินอากาศหายใจ, การติดเชื้อ^xในวัยทารกและเด็ก
650  4 ^aทางเดินหายใจ^xโรค
650  4 ^aเด็ก
700 0  ^aศรัญญา ศรีจันท์ทองศิริ
945    ^p420^l0^i009593
945    ^p420^l0^i009594
945    ^p420^l0^i009595
945    ^p420^l0^i009596
945    ^p420^l0^i009623
945    ^p420^l0^i009624
945    ^p420^l0^i009625
999    ^aประนอม เกษจรัล
รายการนี้ยังไม่มีแท็ก
คุณยังไม่ได้ล็อกอิน คุณสามารถมีกิจกรรมร่วมกับเว็บไซต์ได้ แต่ต้องล็อกอินก่อน ::
  ล็อกอิน

รายการสื่อสารสนเทศ

ลำดับที่ ประเภท เลขเรียก/บาร์โค้ด สถานที่ สถานะ
1. วิทยาศาสตร์การแพทย์ และสุขภาพ
หนังสือสำรอง
สถานะ=หนังสือสำรอง
WS285 ก978ร ฉ.1 
  Barcode: 009593
ห้องสมุดวิทยาเขตสวรรค์ประชารักษ์
►หนังสือทั่วไป
บนชั้น
2. วิทยาศาสตร์การแพทย์ และสุขภาพ
วิทยาศาสตร์การแพทย์ และสุขภาพ
WS285 ก978ร ฉ.2 
  Barcode: 009594
ห้องสมุดวิทยาเขตสวรรค์ประชารักษ์
►หนังสือทั่วไป
บนชั้น
3. วิทยาศาสตร์การแพทย์ และสุขภาพ
วิทยาศาสตร์การแพทย์ และสุขภาพ
WS285 ก978ร ฉ.3 
  Barcode: 009595
ห้องสมุดวิทยาเขตสวรรค์ประชารักษ์
►หนังสือทั่วไป
บนชั้น
4. วิทยาศาสตร์การแพทย์ และสุขภาพ
วิทยาศาสตร์การแพทย์ และสุขภาพ
WS285 ก978ร ฉ.4 
  Barcode: 009596
ห้องสมุดวิทยาเขตสวรรค์ประชารักษ์
►หนังสือทั่วไป
บนชั้น
5. วิทยาศาสตร์การแพทย์ และสุขภาพ
วิทยาศาสตร์การแพทย์ และสุขภาพ
WS285 ก978ร ฉ.5 
  Barcode: 009623
ห้องสมุดวิทยาเขตสวรรค์ประชารักษ์
►หนังสือทั่วไป
บนชั้น
6. วิทยาศาสตร์การแพทย์ และสุขภาพ
วิทยาศาสตร์การแพทย์ และสุขภาพ
WS285 ก978ร ฉ.6 
  Barcode: 009624
ห้องสมุดวิทยาเขตสวรรค์ประชารักษ์
►หนังสือทั่วไป
บนชั้น
7. วิทยาศาสตร์การแพทย์ และสุขภาพ
วิทยาศาสตร์การแพทย์ และสุขภาพ
WS285 ก978ร ฉ.7 
  Barcode: 009625
ห้องสมุดวิทยาเขตสวรรค์ประชารักษ์
►หนังสือทั่วไป
บนชั้น

รายการใกล้เคียง
    ผู้แต่ง [ไกลตา ศรีสิงห์]

    หัวเรื่อง [เด็ก]

BibComment


ยังไม่เคยถูกคอมเมนท์

คอมเมนท์ทรัพยากรรายการนี้
  คอมเมนท์: โรคติดเชื้อระบบท..


 Copyright 2026. Bcnsprnw @Library